[Event "Verden op-C"]
[Site "Verden"]
[Date "2023.01.07"]
[Round "5"]
[White "Schulze, Max Peter"]
[Black "Warman, Simon M"]
[Result "1-0"]
[WhiteElo "1364"]
[BlackElo "2061"]
[PlyCount "63"]
[EventDate "2023.01.05"]
[EventType "swiss"]
[EventRounds "7"]
[EventCountry "GER"]
[SourceTitle "CBM 212 Extra"]
[Source "ChessBase"]
[SourceDate "2023.03.31"]
[SourceVersion "1"]
[SourceVersionDate "2023.03.31"]
[SourceQuality "1"]

1. d4 Nf6 2. c4 e6 3. Nf3 b6 4. Nc3 Bb7 5. Bg5 Be7 6. e3 0-0 7. Bd3 c5 8. 0-0 Nc6 9. Qc2 Nb4 10. Qb1 Nxd3 11. Qxd3 d5 12. Rad1 Ne4 13. Bxe7 Qxe7 14. cxd5 Nxc3 15. Qxc3 cxd4 16. Nxd4 Bxd5 17. a3 Rac8 18. Qd2 Rfd8 19. Rc1 Bc4 20. Rfd1 g6 21. Nc6 Rxc6 22. Qxd8+ Qxd8 23. Rxd8+ Kg7 24. Rd4 Bd5 25. Rxc6 Bxc6 26. Kf1 Kf6 27. f3 h5 28. Ke2 g5 29. Kd3 Kf5 30. Kc4 e5 31. Rd6 Be8 32. g3 1-0

[Event "Verden op-C"]
[Site "Verden"]
[Date "2023.01.05"]
[Round "1"]
[White "Warman, Simon M"]
[Black "Esche, Frieder"]
[Result "1-0"]
[WhiteElo "2061"]
[BlackElo "1513"]
[PlyCount "77"]
[EventDate "2023.01.05"]
[EventType "swiss"]
[EventRounds "7"]
[EventCountry "GER"]
[SourceTitle "CBM 212 Extra"]
[Source "ChessBase"]
[SourceDate "2023.03.31"]
[SourceVersion "1"]
[SourceVersionDate "2023.03.31"]
[SourceQuality "1"]

1. c4 c6 2. e4 e6 3. d4 d6 4. Nc3 Nf6 5. Bd3 g6 6. Nf3 Bg7 7. Bg5 Qb6 8. Qc2 0-0 9. 0-0 Nbd7 10. a3 Qc7 11. Bf4 e5 12. Bg3 Nh5 13. d5 a6 14. b4 b5 15. dxc6 Qxc6 16. cxb5 axb5 17. Nxb5 Qb6 18. Qc7 Qa6 19. Qxd6 Qa4 20. Nc7 Ra7 21. Bb5 Qc2 22. Rfc1 Qxe4 23. Bxd7 Bxd7 24. Qxd7 Nf4 25. Bxf4 Qxf4 26. Qd2 Qg4 27. h3 Qf5 28. Ra2 e4 29. Nd4 Qd7 30. Ncb5 Rb7 31. a4 Rd8 32. Rd1 Qe8 33. Qe3 Rbd7 34. Rad2 Qf8 35. Nc6 Rxd2 36. Rxd2 Ra8 37. Qxe4 Re8 38. Qxe8 Qxe8 39. Rd8 1-0

[Event "London Crouch op"]
[Site "London"]
[Date "2016.04.03"]
[Round "2"]
[White "Moreby, James"]
[Black "Warman, Simon M"]
[Result "0-1"]
[WhiteElo "2008"]
[BlackElo "2130"]
[PlyCount "114"]
[EventDate "2016.04.02"]
[EventType "swiss"]
[EventRounds "9"]
[EventCountry "ENG"]
[SourceTitle "CBM 171 Extra"]
[Source "ChessBase"]
[SourceDate "2016.04.26"]
[SourceVersion "1"]
[SourceVersionDate "2016.04.26"]
[SourceQuality "1"]

1. e4 c5 2. Nf3 e6 3. d4 cxd4 4. Nxd4 a6 5. Nc3 Qc7 6. g3 Nf6 7. Bg2 Nc6 8. 0-0 Be7 9. Re1 0-0 10. Nb3 b5 11. Bf4 d6 12. a3 Ne5 13. Nd2 Bb7 14. Qe2 Rac8 15. Rad1 Rfd8 16. h3 Ng6 17. Be3 d5 18. exd5 Nxd5 19. Nxd5 Bxd5 20. Bxd5 Rxd5 21. c3 Rcd8 22. Nf3 h6 23. Rc1 Bf6 24. c4 bxc4 25. Rxc4 Qb7 26. b4 Rd3 27. a4 Rb3 28. Rec1 Rb2 29. R1c2 Rxc2 30. Rxc2 Qxb4 31. Qxa6 Ne5 32. Nxe5 Rd1+ 33. Kh2 Qe4 34. Qc8+ Kh7 35. f3 Qxe3 36. Rg2 Qe1 37. Qc2+ g6 38. Qxd1 Qxd1 39. Ng4 Bd4 40. f4 Qxa4 41. h4 h5 42. Nf2 Bxf2 43. Rxf2 Qe4 44. Kh3 Qh1+ 45. Rh2 Qf1+ 46. Rg2 f6 47. Kh2 e5 48. fxe5 fxe5 49. Ra2 e4 50. g4 Qf4+ 51. Kh1 hxg4 52. h5 gxh5 53. Rf2 Qc1+ 54. Kh2 e3 55. Rf7+ Kg6 56. Re7 Qd2+ 57. Kg3 Qf2# 0-1

[Event "London Crouch op"]
[Site "London"]
[Date "2016.04.02"]
[Round "1"]
[White "Warman, Simon M"]
[Black "Gareyev, Timur"]
[Result "0-1"]
[WhiteElo "2130"]
[BlackElo "2611"]
[PlyCount "68"]
[EventDate "2016.04.02"]
[EventType "swiss"]
[EventRounds "9"]
[EventCountry "ENG"]
[SourceTitle "CBM 171 Extra"]
[Source "ChessBase"]
[SourceDate "2016.04.26"]
[SourceVersion "1"]
[SourceVersionDate "2016.04.26"]
[SourceQuality "1"]

1. e4 e5 2. Nf3 Nc6 3. Bb5 f5 4. d3 fxe4 5. dxe4 Nf6 6. 0-0 Bc5 7. Nc3 d6 8. Bg5 0-0 9. Nd5 Kh8 10. c3 Ne7 11. Nxf6 gxf6 12. Bh6 Rg8 13. b4 Bb6 14. Bc4 Rg4 15. Qd3 Qe8 16. h3 Rg6 17. Bd2 d5 18. exd5 Bf5 19. Qe2 Bxh3 20. Ng5 Bf5 21. d6 cxd6 22. Bf7 Qd7 23. Bxg6 Bxg6 24. Ne4 f5 25. Ng5 f4 26. Rfe1 Rf8 27. Qf3 Nf5 28. Qd5 Qd8 29. Ne6 Qh4 30. Qf3 Bh5 31. Qh3 Qxf2+ 32. Kh2 Rg8 33. Rg1 Bg4 34. Raf1 Qxd2 0-1

[Event "London Classic op 5th"]
[Site "London"]
[Date "2013.12.15"]
[Round "9"]
[White "Millward, Kevin P"]
[Black "Warman, Simon M"]
[Result "0-1"]
[WhiteElo "1950"]
[BlackElo "2119"]
[PlyCount "90"]
[EventDate "2013.12.07"]
[EventType "swiss"]
[EventRounds "9"]
[EventCountry "ENG"]
[SourceTitle "CBM 157 Extra"]
[Source "ChessBase"]
[SourceDate "2013.12.19"]
[SourceVersion "1"]
[SourceVersionDate "2013.12.19"]
[SourceQuality "1"]

1. e4 c5 2. Nc3 e6 3. g3 d5 4. Bg2 d4 5. Nb1 Nc6 6. d3 Nf6 7. Ne2 Be7 8. Nd2 0-0 9. 0-0 e5 10. f4 exf4 11. gxf4 Bg4 12. h3 Bxe2 13. Qxe2 Rc8 14. a4 a6 15. Kh2 Nb4 16. Nc4 b5 17. Ne5 Nd7 18. Nxd7 Qxd7 19. axb5 axb5 20. Bd2 Nxc2 21. Rac1 Nb4 22. Bxb4 cxb4 23. Bf3 Qd6 24. Qd2 Rxc1 25. Qxc1 Qb8 26. Bg4 g6 27. Qc6 Rd8 28. Kg2 b3 29. Bd1 Rd6 30. Qc1 Qb7 31. Bxb3 Rc6 32. Qb1 Qc7 33. Qa2 Bh4 34. Qa8+ Kg7 35. Qe8 Rc2+ 36. Kf3 Rxb2 37. Bd5 h5 38. e5 Rh2 39. Rc1 Rf2+ 40. Ke4 Rxf4+ 41. Kxf4 Qxc1+ 42. Kf3 Qh1+ 43. Ke2 Qxd5 44. Kd1 Qb3+ 45. Ke2 Qc2+ 0-1

[Event "London Classic op 5th"]
[Site "London"]
[Date "2013.12.12"]
[Round "6"]
[White "Warman, Simon M"]
[Black "Nettleton, Charlie"]
[Result "1-0"]
[WhiteElo "2119"]
[BlackElo "1913"]
[PlyCount "37"]
[EventDate "2013.12.07"]
[EventType "swiss"]
[EventRounds "9"]
[EventCountry "ENG"]
[SourceTitle "CBM 157 Extra"]
[Source "ChessBase"]
[SourceDate "2013.12.19"]
[SourceVersion "1"]
[SourceVersionDate "2013.12.19"]
[SourceQuality "1"]

1. e4 d6 2. d4 Nf6 3. Nc3 g6 4. f4 Bg7 5. Nf3 c5 6. Bc4 0-0 7. 0-0 Bg4 8. dxc5 dxc5 9. Bxf7+ Kxf7 10. Ne5+ Kg8 11. Nxg4 Qxd1 12. Nxf6+ Bxf6 13. Nxd1 Bd4+ 14. Kh1 c4 15. c3 Bc5 16. Ne3 b5 17. a4 Bxe3 18. Bxe3 bxa4 19. Rxa4 1-0

[Event "GBR-ch 100th"]
[Site "Torquay"]
[Date "2013.07.29"]
[Round "1"]
[White "Warman, Simon M"]
[Black "Lane, Gary William"]
[Result "0-1"]
[WhiteElo "2093"]
[BlackElo "2401"]
[PlyCount "120"]
[EventDate "2013.07.29"]
[EventType "swiss"]
[EventRounds "11"]
[EventCountry "ENG"]
[SourceTitle "CBM 155 Extra"]
[Source "ChessBase"]
[SourceDate "2013.08.26"]
[SourceVersion "1"]
[SourceVersionDate "2013.08.26"]
[SourceQuality "1"]

1. e4 e5 2. Nf3 Nc6 3. Bb5 a6 4. Ba4 Nf6 5. 0-0 b5 6. Bb3 Bb7 7. Nc3 Be7 8. Nd5 d6 9. Nxf6+ Bxf6 10. Bd5 Rb8 11. c3 0-0 12. d4 Re8 13. Re1 exd4 14. cxd4 Nxd4 15. Bxf7+ Kxf7 16. Nxd4 Kg8 17. Bf4 Qd7 18. f3 Qf7 19. Bg3 g6 20. Re2 Rbd8 21. Nb3 Qg7 22. Na5 Ba8 23. Qb3+ Kh8 24. Rd1 d5 25. Rc2 Bd4+ 26. Kf1 dxe4 27. Rxc7 Qf6 28. Rf7 Qb6 29. Bc7 exf3 30. gxf3 Bd5 31. Qxd5 Qxc7 32. Rxc7 Rxd5 33. Nc6 Bb6 34. Rxh7+ Kxh7 35. Rxd5 Rc8 36. Rd6 g5 37. Ke2 Re8+ 38. Kd2 Be3+ 39. Kd3 Bf4 40. Rd7+ Kg6 41. Ra7 Re3+ 42. Kd4 Rxf3 43. Rxa6 Kh5 44. Ra5 Bxh2 45. Rxb5 Kh4 46. Ne7 g4 47. Ng6+ Kh3 48. Rh5+ Kg3 49. a4 Rf6 50. Rg5 Kh3 51. a5 Bc7 52. Rh5+ Kg3 53. Ne7 Rf4+ 54. Kc3 Kf2 55. a6 g3 56. Nd5 Rf3+ 57. Kc4 g2 58. a7 g1Q 59. Rh8 Qf1+ 60. Kd4 Qd3+ 0-1

[Event "Hampstead op U2200 06"]
[Site "Hampstead"]
[Date "2013.06.29"]
[Round "3"]
[White "Ruperez, Miguel Angel"]
[Black "Warman, Simon M"]
[Result "1/2-1/2"]
[WhiteElo "2187"]
[BlackElo "2093"]
[PlyCount "89"]
[EventDate "2013.06.29"]
[EventType "swiss"]
[EventRounds "5"]
[EventCountry "ENG"]
[SourceTitle "EXT 2014"]
[Source "ChessBase"]
[SourceDate "2013.11.20"]
[SourceVersion "1"]
[SourceVersionDate "2013.11.20"]
[SourceQuality "1"]

1. d4 c5 2. d5 d6 3. c4 Nf6 4. Nc3 g6 5. g3 Bg7 6. Bg2 0-0 7. Nf3 e6 8. 0-0 exd5 9. cxd5 Na6 10. Nd2 Nc7 11. a4 b6 12. Nc4 Ba6 13. Qb3 Qd7 14. h3 Rfe8 15. Re1 Bxc4 16. Qxc4 a6 17. e4 b5 18. Qf1 b4 19. Nb1 Re7 20. Nd2 Rae8 21. Rd1 a5 22. Ra2 Qd8 23. b3 Na8 24. Bb2 Nb6 25. Bxf6 Bxf6 26. Nc4 Nxc4 27. Qxc4 Qb6 28. Re2 Bd4 29. Kh2 Ra7 30. f4 Qa6 31. Qxa6 Rxa6 32. Bf1 Ra7 33. Kg2 Rae7 34. Kf3 f5 35. e5 dxe5 36. fxe5 Rxe5 37. Rde1 Kf7 38. Rxe5 Bxe5 39. Bb5 Re7 40. d6 Bxd6 41. Rxe7+ Kxe7 42. Bc4 Kf6 43. Bg8 Ke5 44. Bc4 Kd4 45. Bg8 1/2-1/2

[Event "Hampstead op U2200 05"]
[Site "Hampstead"]
[Date "2013.05.19"]
[Round "5"]
[White "Sucikova, Svetlana"]
[Black "Warman, Simon M"]
[Result "1/2-1/2"]
[WhiteElo "1901"]
[BlackElo "2090"]
[PlyCount "127"]
[EventDate "2013.05.18"]
[EventType "swiss"]
[EventRounds "5"]
[EventCountry "ENG"]
[SourceTitle "EXT 2014"]
[Source "ChessBase"]
[SourceDate "2013.11.20"]
[SourceVersion "1"]
[SourceVersionDate "2013.11.20"]
[SourceQuality "1"]

1. c4 Nf6 2. Nc3 c5 3. g3 g6 4. Bg2 Bg7 5. Nf3 0-0 6. d4 d6 7. 0-0 Na6 8. b3 Bd7 9. Bb2 Bc6 10. d5 Bd7 11. Re1 Ne4 12. Qc1 Nxc3 13. Bxc3 f6 14. e4 b5 15. cxb5 Bxb5 16. Bf1 Bxf1 17. Kxf1 Qd7 18. Kg2 Rab8 19. Nd2 Nb4 20. Qb1 e6 21. a3 Na6 22. dxe6 Qxe6 23. Qd3 Nc7 24. Ba5 Nb5 25. Nc4 Nd4 26. Rab1 d5 27. Nd2 f5 28. e5 f4 29. Nf3 Nxf3 30. Qxf3 fxg3 31. Qxg3 d4 32. Kg1 Rf5 33. f4 Rbf8 34. Bd2 Bh6 35. Rf1 Rh5 36. Rf3 Rhf5 37. Rbf1 Bg7 38. Qe1 Bxe5 39. Qe4 Qf7 40. Kg2 Bg7 41. Re1 g5 42. Rh3 Qg6 43. Qe6+ Qxe6 44. Rxe6 gxf4 45. Kf3 Re5 46. Rxe5 Bxe5 47. Rh5 Bd6 48. Rd5 Rf6 49. b4 cxb4 50. axb4 Kf7 51. Rxd4 Ke6 52. Bxf4 Bc7 53. Rc4 Be5 54. Re4 Rxf4+ 55. Rxf4 Bxf4 56. Kxf4 Kd5 57. Kg5 Kc4 58. Kh6 Kxb4 59. Kxh7 a5 60. h4 a4 61. h5 a3 62. h6 a2 63. Kg8 a1Q 64. h7 1/2-1/2

[Event "Hampstead U2200 op 2nd"]
[Site "London"]
[Date "2012.11.25"]
[Round "5"]
[White "Warman, Simon M"]
[Black "Atako, Chino"]
[Result "1/2-1/2"]
[WhiteElo "2071"]
[BlackElo "2110"]
[PlyCount "117"]
[EventDate "2012.11.24"]
[EventType "swiss"]
[EventRounds "5"]
[EventCountry "ENG"]
[SourceTitle "EXT 2019"]
[Source "ChessBase"]
[SourceDate "2018.10.10"]
[SourceVersion "1"]
[SourceVersionDate "2018.10.10"]
[SourceQuality "1"]

1. e4 c5 2. f4 d5 3. Bb5+ Nc6 4. exd5 Qxd5 5. Qe2 a6 6. Nc3 Qd6 7. Ne4 Qc7 8. Bxc6+ Qxc6 9. Nf3 Nf6 10. d3 Bg4 11. 0-0 e6 12. Nxf6+ gxf6 13. h3 Bxf3 14. Qxf3 Qxf3 15. Rxf3 f5 16. Bd2 Bg7 17. Kf1 0-0-0 18. c3 Rd7 19. Ke2 Rhd8 20. Rd1 b6 21. c4 Kc7 22. b3 Bd4 23. Rg3 Bf6 24. a4 Kc6 25. Rf3 Rb8 26. Kf1 Rbd8 27. Be1 b5 28. cxb5+ axb5 29. Ke2 bxa4 30. bxa4 Ra8 31. a5 Rb7 32. g4 Rb2+ 33. Rd2 Rab8 34. gxf5 exf5 35. Kf1 Rb1 36. Re2 Bh4 37. Rfe3 Rg8 38. Re5 Rg3 39. Rxf5 Rxd3 40. Rh5 Bg3 41. Rg5 Bxf4 42. Rf5 Bg3 43. Rxf7 Rdd1 44. Rfe7 Rxe1+ 45. Rxe1 Rxe1+ 46. Rxe1 Bxe1 47. Kxe1 Kb5 48. Kd2 Kxa5 49. Kc3 Kb5 50. Kb3 c4+ 51. Kc3 Kc5 52. h4 h5 53. Kc2 Kd4 54. Kd2 Ke4 55. Kc3 Kf4 56. Kxc4 Kg4 57. Kd3 Kxh4 58. Ke2 Kg3 59. Kf1 1/2-1/2

[Event "Hampstead U2200 op 2nd"]
[Site "London"]
[Date "2012.11.24"]
[Round "2"]
[White "Lim, Mark"]
[Black "Warman, Simon M"]
[Result "0-1"]
[WhiteElo "1891"]
[BlackElo "2071"]
[PlyCount "84"]
[EventDate "2012.11.24"]
[EventType "swiss"]
[EventRounds "5"]
[EventCountry "ENG"]
[SourceTitle "EXT 2019"]
[Source "ChessBase"]
[SourceDate "2018.10.10"]
[SourceVersion "1"]
[SourceVersionDate "2018.10.10"]
[SourceQuality "1"]

1. c4 c5 2. g3 Nf6 3. Bg2 g6 4. e3 Bg7 5. Ne2 d6 6. 0-0 0-0 7. Nbc3 Na6 8. d4 Rb8 9. b3 b6 10. Rb1 Bb7 11. d5 Nc7 12. e4 Ba8 13. h3 a6 14. Be3 Nd7 15. Qd2 b5 16. cxb5 axb5 17. Bh6 b4 18. Na4 Bb7 19. Bxg7 Kxg7 20. Nb2 Nb6 21. Nc4 Nxc4 22. bxc4 Ra8 23. f4 Ra3 24. Rb3 Qa8 25. Qb2+ Kg8 26. Nc1 Qa6 27. Rff3 Rxb3 28. axb3 Ra8 29. e5 Qa1 30. Qd2 dxe5 31. fxe5 Qxe5 32. Nd3 Qd4+ 33. Kh2 Ra1 34. h4 Qg1+ 35. Kh3 Bc8+ 36. g4 h5 37. Re3 Bxg4+ 38. Kg3 Ra2 39. Qxa2 Qxe3+ 40. Kh2 Qxd3 41. Qa5 Qe2 42. Qxc7 Bf3 0-1

[Event "BCF-chT3 1112 (4NCL)"]
[Site "England"]
[Date "2012.05.07"]
[Round "11.110"]
[White "Warman, Simon M"]
[Black "Fallowfield, Nicholas"]
[Result "1/2-1/2"]
[WhiteElo "2030"]
[BlackElo "2018"]
[PlyCount "52"]
[EventDate "2011.11.12"]
[EventType "team-swiss"]
[EventRounds "11"]
[EventCountry "ENG"]
[SourceTitle "EXT 2013"]
[Source "ChessBase"]
[SourceDate "2012.11.22"]
[SourceVersion "1"]
[SourceVersionDate "2012.11.22"]
[SourceQuality "1"]
[WhiteTeam "British Universities CA"]
[BlackTeam "Warwicks Select II"]
[WhiteTeamCountry "ENG"]
[BlackTeamCountry "ENG"]

1. e4 Nf6 2. e5 Nd5 3. Nf3 d6 4. d4 dxe5 5. Nxe5 c6 6. Nc3 Nxc3 7. bxc3 Nd7 8. Bf4 Qa5 9. Qf3 Nxe5 10. Bxe5 Bg4 11. Qg3 Bf5 12. Kd2 f6 13. Bc7 Qd5 14. Bd3 g6 15. Rhe1 Kf7 16. Re2 Bh6+ 17. Bf4 Bxf4+ 18. Qxf4 Bxd3 19. cxd3 Rad8 20. Qe4 Rhe8 21. f4 b5 22. Qxd5+ Rxd5 23. a4 b4 24. cxb4 Rxd4 25. b5 cxb5 26. axb5 Rb4 1/2-1/2

[Event "BCF-chT3 1112 (4NCL)"]
[Site "England"]
[Date "2012.05.06"]
[Round "10.130"]
[White "Galligan, Brian"]
[Black "Warman, Simon M"]
[Result "1/2-1/2"]
[WhiteElo "2041"]
[BlackElo "2030"]
[PlyCount "222"]
[EventDate "2011.11.12"]
[EventType "team-swiss"]
[EventRounds "11"]
[EventCountry "ENG"]
[SourceTitle "EXT 2013"]
[Source "ChessBase"]
[SourceDate "2012.11.22"]
[SourceVersion "1"]
[SourceVersionDate "2012.11.22"]
[SourceQuality "1"]
[WhiteTeam "e2e4.org.uk III"]
[BlackTeam "British Universities CA"]
[WhiteTeamCountry "ENG"]
[BlackTeamCountry "ENG"]

1. d4 c5 2. e3 Nf6 3. Nf3 g6 4. c4 Bg7 5. Nc3 0-0 6. Be2 d6 7. 0-0 Na6 8. h3 b6 9. Re1 Bb7 10. d5 e6 11. e4 exd5 12. cxd5 Nc7 13. a4 Re8 14. Qc2 Na6 15. Bb5 Nb4 16. Qb3 Re7 17. Bf4 Nxe4 18. Rxe4 Rxe4 19. Nxe4 Bxd5 20. Bc4 Bxe4 21. Bxf7+ Kh8 22. Ng5 Bc2 23. Qg3 Qf6 24. Be6 h6 25. Qh4 Rf8 26. Bd2 Nd3 27. Rf1 Nf4 28. Bxf4 Qxf4 29. Qxf4 Rxf4 30. Nf7+ Kh7 31. b3 Bd4 32. Bc4 d5 33. Bxd5 Bd3 34. Rd1 Be2 35. Rd2 Rxf2 36. Kh2 Be3 37. Kg3 Rxg2+ 38. Kxg2 Bxd2 39. Ne5 Kg7 40. Kf2 Bd1 41. Nc6 a6 42. Nb8 Bf4 43. Nxa6 Kf6 44. a5 Ke5 45. Bf7 Kd6 46. axb6 Kc6 47. b7 Kxb7 48. Nxc5+ Kc6 49. Nd3 Bd6 50. Bxg6 Bxb3 51. Be4+ Kd7 52. Kg2 Ke6 53. Bf3 Kf5 54. Nf2 Kf4 55. Ne4 Bd5 56. Nd2 Be6 57. Ba8 Bb4 58. Nf3 Bc3 59. Nh2 Be1 60. Nf3 Bb4 61. Nd4 Bc4 62. Nf3 Bc3 63. Nh2 Be6 64. Nf3 Ke3 65. Bb7 Bf6 66. Bc6 Be7 67. Nh2 h5 68. Nf3 Bf7 69. Ne5 Bb3 70. Nf3 Bd1 71. Ne5 Be2 72. Nf3 Bd6 73. Nh4 Bd3 74. Bb7 Be7 75. Nf3 Bf6 76. Bc6 Bd8 77. Ne5 Ba6 78. Nf3 Bb6 79. Ne5 Ba7 80. Nf3 Ke2 81. Bd5 Be3 82. Bf7 Bb7 83. Bxh5 Bf4 84. Bg4 Ke3 85. Bh5 Bc7 86. Bg4 Kf4 87. Kf2 Bb6+ 88. Kg2 Bd5 89. Bh5 Be6 90. Nh2 Bd5+ 91. Bf3 Bxf3+ 92. Nxf3 Bd8 93. Nd4 Bf6 94. Ne2+ Kg5 95. Nc1 Be7 96. Nd3 Bd6 97. Nf2 Kh4 98. Ng4 Be7 99. Ne5 Bd8 100. Ng6+ Kg5 101. Nf8 Kh5 102. Ne6 Bf6 103. Nc5 Kh4 104. Nd3 Be7 105. Ne1 Bd8 106. Nf3+ Kh5 107. Kf2 Bh4+ 108. Ke3 Bg5+ 109. Ke4 Bd8 110. Ng5 Bxg5 111. h4 Bxh4 1/2-1/2

[Event "High Wycombe e2e4 op 03"]
[Site "High Wycombe"]
[Date "2012.03.17"]
[Round "3"]
[White "Warman, Simon M"]
[Black "Moss, Guy"]
[Result "1-0"]
[WhiteElo "2030"]
[BlackElo "1899"]
[PlyCount "59"]
[EventDate "2012.03.16"]
[EventType "swiss"]
[EventRounds "5"]
[EventCountry "ENG"]
[SourceTitle "CBM 147 Extra"]
[Source "ChessBase"]
[SourceDate "2012.04.24"]
[SourceVersion "1"]
[SourceVersionDate "2012.04.24"]
[SourceQuality "1"]

1. e4 c5 2. f4 d6 3. Nf3 Nc6 4. Nc3 Nf6 5. Bb5 e6 6. e5 Nd7 7. Bxc6 bxc6 8. exd6 Bxd6 9. d3 0-0 10. Ne4 Qc7 11. Nxd6 Qxd6 12. 0-0 Ba6 13. b3 Nf6 14. Kh1 Rfd8 15. Ne5 Rac8 16. Bb2 Nd5 17. Qh5 Qc7 18. Rf3 f6 19. Rh3 g6 20. Nxg6 Qf7 21. Rg3 hxg6 22. Rxg6+ Kf8 23. Qh6+ Ke8 24. Rg7 Ra8 25. Rxf7 Kxf7 26. Qh7+ Kf8 27. c4 Ne7 28. Bxf6 Rd7 29. Bxe7+ Rxe7 30. Qh8+ 1-0

[Event "Coulsdon Jessie Gilbert 4th"]
[Site "Coulsdon"]
[Date "2011.08.24"]
[Round "5"]
[White "Willmoth, Robert"]
[Black "Warman, Simon M"]
[Result "1-0"]
[WhiteElo "2163"]
[BlackElo "2058"]
[PlyCount "69"]
[EventDate "2011.08.20"]
[EventType "swiss"]
[EventRounds "9"]
[EventCountry "ENG"]
[SourceTitle "CBM 144 Extra"]
[Source "ChessBase"]
[SourceDate "2011.10.28"]
[SourceVersion "1"]
[SourceVersionDate "2011.10.28"]
[SourceQuality "1"]

1. Nf3 c5 2. b3 Nf6 3. Bb2 d6 4. d4 Na6 5. g3 g6 6. Bg2 Bg7 7. 0-0 0-0 8. Nbd2 Rb8 9. e4 b5 10. a4 b4 11. d5 e6 12. dxe6 Bxe6 13. Ng5 Bg4 14. f3 Bc8 15. f4 Re8 16. e5 Ng4 17. Nc4 h6 18. Nxf7 Kxf7 19. Nxd6+ Kf8 20. Qd3 Re6 21. Rad1 Rxd6 22. Qxd6+ Qxd6 23. Rxd6 Ne3 24. Re1 Nxg2 25. Kxg2 Nc7 26. Rxg6 Ne6 27. f5 Kf7 28. Rxe6 Bxe6 29. fxe6+ Kxe6 30. Rd1 c4 31. Rd6+ Ke7 32. bxc4 b3 33. cxb3 Rxb3 34. Bd4 Rb5 35. c5 1-0

[Event "Coulsdon Jessie Gilbert 4th"]
[Site "Coulsdon"]
[Date "2011.08.23"]
[Round "4"]
[White "Warman, Simon M"]
[Black "Healey, Michael W"]
[Result "1/2-1/2"]
[WhiteElo "2058"]
[BlackElo "2076"]
[PlyCount "93"]
[EventDate "2011.08.20"]
[EventType "swiss"]
[EventRounds "9"]
[EventCountry "ENG"]
[SourceTitle "CBM 144 Extra"]
[Source "ChessBase"]
[SourceDate "2011.10.28"]
[SourceVersion "1"]
[SourceVersionDate "2011.10.28"]
[SourceQuality "1"]

1. e4 Nf6 2. e5 Nd5 3. d4 d6 4. Nf3 dxe5 5. Nxe5 c6 6. Bc4 Nd7 7. Nc3 Nxe5 8. dxe5 Be6 9. Nxd5 Bxd5 10. Bxd5 Qxd5 11. Qxd5 cxd5 12. 0-0 e6 13. Be3 b6 14. c3 Bc5 15. Bd4 Rc8 16. Rac1 Ke7 17. f4 f6 18. exf6+ gxf6 19. Rcd1 Kd6 20. Kh1 Bxd4 21. Rxd4 h5 22. Rfd1 Rc5 23. c4 Rhc8 24. b3 b5 25. cxb5 e5 26. Ra4 Rc1 27. Rg1 d4 28. Ra6+ Kd5 29. Rxf6 e4 30. Rf5+ Kd6 31. Re5 e3 32. g3 R1c2 33. g4 h4 34. h3 Rd2 35. g5 Rcc2 36. Re1 Rh2+ 37. Kg1 Rcg2+ 38. Kf1 Rf2+ 39. Kg1 Rxh3 40. Re4 Rg3+ 41. Kh1 Rd2 42. Re5 h3 43. Rc1 e2 44. Rc6+ Kd7 45. Rd5+ Ke7 46. Re5+ Kd7 47. Rd5+ 1/2-1/2

[Event "Coulsdon Jessie Gilbert 4th"]
[Site "Coulsdon"]
[Date "2011.08.22"]
[Round "3"]
[White "Warman, Simon M"]
[Black "Baker, Chris W"]
[Result "1/2-1/2"]
[WhiteElo "2058"]
[BlackElo "2282"]
[PlyCount "50"]
[EventDate "2011.08.20"]
[EventType "swiss"]
[EventRounds "9"]
[EventCountry "ENG"]
[SourceTitle "CBM 144 Extra"]
[Source "ChessBase"]
[SourceDate "2011.10.28"]
[SourceVersion "1"]
[SourceVersionDate "2011.10.28"]
[SourceQuality "1"]

1. e4 e5 2. Nf3 Nc6 3. Bb5 Nf6 4. 0-0 Nxe4 5. Re1 Nd6 6. Nxe5 Be7 7. Bf1 0-0 8. d4 Nf5 9. c3 Nxe5 10. dxe5 d6 11. Bf4 dxe5 12. Bxe5 Qxd1 13. Rxd1 Bd6 14. Bxd6 Nxd6 15. Na3 Be6 16. Nb5 Nxb5 17. Bxb5 Rfd8 18. b3 a5 19. Be2 Kf8 20. Rxd8+ Rxd8 21. Rd1 Rxd1+ 22. Bxd1 Ke7 23. f4 Kd6 24. Kf2 Bd5 25. g3 Be4 1/2-1/2

[Event "Coulsdon Jessie Gilbert 4th"]
[Site "Coulsdon"]
[Date "2011.08.21"]
[Round "2"]
[White "Hodgson, John H"]
[Black "Warman, Simon M"]
[Result "1-0"]
[WhiteElo "2208"]
[BlackElo "2058"]
[PlyCount "81"]
[EventDate "2011.08.20"]
[EventType "swiss"]
[EventRounds "9"]
[EventCountry "ENG"]
[SourceTitle "CBM 144 Extra"]
[Source "ChessBase"]
[SourceDate "2011.10.28"]
[SourceVersion "1"]
[SourceVersionDate "2011.10.28"]
[SourceQuality "1"]

1. e4 c5 2. Nf3 e6 3. d4 cxd4 4. Nxd4 a6 5. Bd3 Bc5 6. Nb3 Ba7 7. Qg4 Nf6 8. Qg3 d6 9. Nc3 Nc6 10. Bg5 h6 11. Bd2 Nh5 12. Qf3 g6 13. 0-0-0 Qf6 14. Qxf6 Nxf6 15. f3 b5 16. Kb1 Bb7 17. a4 b4 18. Na2 a5 19. Bb5 Bb6 20. c3 Ke7 21. cxb4 axb4 22. Nxb4 Na7 23. Bc3 Nxb5 24. axb5 Rhd8 25. Bd4 Nd7 26. Bxb6 Nxb6 27. Nd4 Rdc8 28. Ndc6+ Bxc6 29. Nxc6+ Kd7 30. Rd3 Nc4 31. Rhd1 Rc7 32. Rd4 Ra4 33. Rc1 Nb6 34. Ne5+ Kc8 35. Rxa4 Nxa4 36. Nxf7 Rxc1+ 37. Kxc1 Kc7 38. Nxh6 Kb6 39. Nf7 d5 40. exd5 exd5 41. Ne5 1-0